Online
Catalog

La ley 24-97 : (Record no. 28465)

MARC details
000 -CABECERA
campo de control de longitud fija 00652nam a2200169 a 4500
001 - NÚMERO DE CONTROL
campo de control 000028973
005 - FECHA Y HORA DE LA ÚLTIMA TRANSACCIÓN
campo de control 20200930055242.0
008 - DATOS DE LONGITUD FIJA--INFORMACIÓN GENERAL
campo de control de longitud fija 110413s2000 dr 000 0 spa d
040 ## - FUENTE DE LA CATALOGACIÓN
Centro catalogador/agencia de origen DO-SdBNP
Lengua de catalogación spa
Centro/agencia transcriptor BNPHU
049 ## - FONDOS LOCALES (OCLC)
Fondos de biblioteca BNPD
110 1# - ENTRADA PRINCIPAL--NOMBRE DE ENTIDAD CORPORATIVA
Nombre de entidad corporativa o nombre de jurisdicción como elemento de entrada República Dominicana
Unidad subordinada leyes decretos
9 (RLIN) 55906
240 10 - TÍTULO UNIFORME
Título uniforme Leyes, etc
245 13 - MENCIÓN DE TÍTULO
Título La ley 24-97 :
Resto del título una acción política concertada, su historia /
Mención de responsabilidad, etc. compilación y redacción Brinella Fernández.
260 ## - PUBLICACIÓN, DISTRIBUCIÓN, ETC.
Lugar de publicación, distribución, etc. Santo Domingo :
Nombre del editor, distribuidor, etc. Secretaría de Etado de la Mujer
-- Comisión Ejecutiva para la Reforma del Sector Salud,
Fecha de publicación, distribución, etc. 2000.
Fabricante Editora Solar
300 ## - DESCRIPCIÓN FÍSICA
Extensión 33 p. ;
Dimensiones 28 cm.
700 1# - PUNTO DE ACCESO ADICIONAL--NOMBRE DE PERSONA
Nombre de persona Fernández, Brinella
9 (RLIN) 52109
Holdings
Estado de retiro Estado de pérdida No para préstamo Código de colección Localización permanente Ubicación/localización actual Ubicación en estantería Fecha de adquisición Número de inventario Total de préstamos Signatura topográfica completa Código de barras Fecha visto por última vez Precio válido a partir de Tipo de ítem Koha
    Excluido de préstamo Patrimonio Dominicano Patrimonio Dominicano Patrimonio Dominicano En catalogación 13.04.2011 LF1   28973-10 25.06.2020 25.06.2020 Libro y Folleto Colección Patrimonio Dominicano

Powered by Koha